Lessons from the 2008 financial crisis: policy responses to external shocks in Uruguay /

Gorde:
Xehetasun bibliografikoak
Egile nagusia: Estrades, Carmen
Beste egile batzuk: LLambí, Cecilia
Formatua: Texto
Etiketak: Etiketa erantsi
Etiketarik gabe, Izan zaitez lehena erregistro honi etiketa jartzen!

MARC

LEADER 00000 a a2200000 04500
001 48242
003
040
100 |a Estrades, Carmen  
245 |a Lessons from the 2008 financial crisis:   |b policy responses to external shocks in Uruguay /  |c Carmen Estrades, Cecilia LLambí  
700 |a LLambí, Cecilia  
773 |g volumen51, número3, (2013), páginas 233-259 : tablas, gráficos  
999 |c 20899  |d 20899